000 00445nam a2200145Ia 4500
008 100122s9999 xx 000 0 und d
082 _b23831
_a913.54
100 _aमिराशी वा वि
245 _aसंशोधन मुक्तावली 7
260 _c1971
300 _a50
630 _aसंशोधन मुक्तावली 7
730 _aसंशोधन मुक्तावली 7
942 _cBOOK
999 _c411363
_d411360